000 00831nam a2200169 a 4500
008 120416s1998 ||||||||||||||||| || u
020 _a8173410518
050 _aSD 387.P74 Pra
100 _aPrabhakar, V. K
245 1 0 _aSocial and community forestry
260 _aNew Delhi
_bSatish Garg
_c1998
350 _a0.00
650 _aFORESTRY
995 _aANNEX COLLECTION (Main Library)
_D0.00
_e732021
_FCBU-MAIN LIBRARY (Kitwe)
_H1
_I37.50
_jSD 387.P74 Pra
_M1
_UAVAILABLE
_y029564
_ZAnnex Low-Usage Collection
995 _aANNEX COLLECTION (Main Library)
_D0.00
_e732019
_FCBU-MAIN LIBRARY (Kitwe)
_H2
_I37.50
_jSD 387.P74 Pra
_M2
_UAVAILABLE
_y029565
_ZAnnex Low-Usage Collection
995 _aMAIN LIBRARY OPEN ACCESS
_D0.00
_e732020
_FCBU-MAIN LIBRARY (Kitwe)
_H3
_I37.50
_jSD 387.P74 Pra
_M3
_UAVAILABLE
_y029563
_ZMain Library Open Access Collection
999 _c76569
_d76569